Libro de Chilam Balam de Chumayel /

Libros del Chilam Balam es el nombre que se da a una serie de manuscritos mayas posthispánicos con contenidos de naturaleza diversa, entre ellas religiosa, astronómica, histórica, médica, ritual y literaria. Reciben el nombre de la población con la cual están ligados. Los principales son el Chumayel...

Fuld beskrivelse

Guardado en:
Bibliografiske detaljer
Andre forfattere: Mediz Bolio, Antonio (prólogo y traducción) (prólogo y traducción)
Format: Bog
Sprog:spansk
Udgivet: México : UNAM, 1941, c1941
Serier:(Biblioteca del Estudiante Universitario ; 21)
Fag:
Tags: Tilføj Tag
Ingen Tags, Vær først til at tagge denne postø!

MARC

LEADER 00000nam^a2200000^a^4500
001 000431584
005 20250526000000.0
009 20260310122952.887
037 |a Acervo ITESO - Biblioteca 
041 |a ESP 
082 |a 972. 01  |b COD CHI CHU 
240 1 1 |a [Chilam Balam] 
240 1 1 |a [Chilam Balam de Chumayel] 
245 0 0 |a Libro de Chilam Balam de Chumayel /  |c Pról. y tr. por A. Mediz Bolio. 
264 4 |a México :  |b UNAM,  |c 1941, c1941 
300 |a XII, 195 p. ;  |c 20.0 cm. 
336 |a texto  |b txt  |2 rdacontenido 
337 |a sin mediación  |b n  |2 rdamedio 
338 |a volumen  |b nc  |2 rdasoporte 
440 1 |a (Biblioteca del Estudiante Universitario ;  |v 21) 
520 |a Libros del Chilam Balam es el nombre que se da a una serie de manuscritos mayas posthispánicos con contenidos de naturaleza diversa, entre ellas religiosa, astronómica, histórica, médica, ritual y literaria. Reciben el nombre de la población con la cual están ligados. Los principales son el Chumayel, el Tizimín, el Ixil, el Kaua, el Calkiní, el Oxcutzcab, el Nah, el Maní, el Teabo y el Tekak. El filólogo Juan Pío Pérez publicó fragmentos del Maní, el Kaua y el Ixil y otros textos mayas en un libro titulado Códice Pérez. 
520 |a El Chilam Balam de Chumayel recoge un mito de la creación del universo por los dioses. 
649 |a XX 
650 |a Mayas -  |x Historia -  |x Tema Principal 
650 |a Indígenas de México -  |x Historia -  |y Epoca Prehispánica 
650 |a Universo -  |x Origen -  |x Tema Principal 
650 |a Códices Posthispánicos -  |z México -  |x Tema Principal 
650 |a Códices Posthispánicos -  |z México -  |x Historia y Crítica 
650 |a Chumayel, Yucatán -  |x Historia -  |x Tema Principal 
650 |a Chumayel, Yucatán -  |x Historia -  |y Epoca Prehispánica 
650 |a Chumayel, Yucatán -  |x Historia -  |y Descubrimiento y Conquista, 1517-1521 
650 |a Chumayel, Yucatán -  |x Historia -  |y Epoca Colonial, 1517-1821 
650 |a Yucatán (Península) -  |x Historia -  |y Epoca Prehispánica 
650 |a Yucatán (Península) -  |x Historia -  |y Descubrimiento y Conquista, 1517-1521 
650 |a Yucatán (Península) -  |x Historia -  |y Epoca Colonial, 1517-1821 
650 |a México -  |x Historia -  |y Epoca Prehispánica 
650 |a México -  |x Historia -  |y Descubrimiento y Conquista, 1517-1521 
650 |a México -  |x Historia -  |y Epoca Colonial, 1517-1821 
700 |a Mediz Bolio, Antonio  |e (prólogo y traducción) 
910 |a Fondo Alfonso de Alba Martín 
920 |a Impresos - Libros 
930 |a Libros Antiguos y Raros 
905 |a 125 
901 |a 0500349177  |b IT2  |c LRA  |i D100856  |u 20250526 
902 |a https://opac.biblio.iteso.mx/vufind/Record/000431584